| 000 | 01420 a2200229 4500 | ||
|---|---|---|---|
| 001 | 47024 | ||
| 005 | 20260407155739.0 | ||
| 008 | 260407a1993 arg spa d | ||
| 003 | AR-UNSa-BCEJYS | ||
| 040 |
_aAR-UNSa-BCEJYS _bspa _cAR-UNSa-BCEJYS |
||
| 080 |
_a316.421:339.9 _xOrigen de las sociedades globales y estructura social, económico, político y cultural (Globalización) |
||
| 245 | 1 | 0 | _aLa sociedad poscapitalista |
| 020 | _a950-07-0864-7 | ||
| 264 | 1 |
_aBuenos Aires : _bSudamericana _c1993 |
|
| 300 |
_a185 p. _c23 cm. |
||
| 505 | _aPrimera Parte : SOCIEDAD : 1. Desde el capitalismo a la sociedad del saber - 2. La sociedad de las organizaciones - 3. Mano de obra, capital y su futuro - 4. La productividad de las nuevas fuerzas del trabajo - 5. La organización basad en la responsabilidad -- Segunda Parte : ORGANIZACIÓN POLÍTICA : 6. Del Estado-Nación al megaestado - 7. Trasnacionalismo, regionalismo y tribalismo - 8. El necesario cambio de rumbo del gobierno - 9. A la ciudadanía por el sector social -- Tercera Parte : EL SABER : 10. El saber : su economía, su productividad - 11. La escuela responsable - 12. La persona instruida. | ||
| 942 | _cBK | ||
| 590 | _aniveau_biblio:m niveau_hierar:0 | ||
| 100 | 1 | _aMerino Sánchez, Maria Isabel | |
| 700 | 1 | _aDrucker, Peter Ferdinand | |
| 856 | 4 | 1 |
_uhttps://www.biblioeco.unsa.edu.ar/pmb/images/libros/L127374.jpg _yImagen de portada _qimage/jpeg |
| 999 |
_c4272 _d4272 |
||